[Event "Pan American-ch School U15 12th"]
[Site "Callao"]
[Date "2023.10.19"]
[Round "6"]
[White "Rios Soriano, Alwyn Asdrubal"]
[Black "Puma Puchoc, Alejandro Apolinar"]
[Result "0-1"]
[WhiteElo "1114"]
[BlackElo "1225"]
[PlyCount "36"]
[EventDate "2023.10.16"]
[EventType "swiss"]
[EventRounds "9"]
[EventCountry "PER"]
[SourceTitle "Mega2024 Update 01"]
[Source "Chessbase"]
[SourceDate "2023.11.12"]
[SourceVersion "1"]
[SourceVersionDate "2023.11.12"]
[SourceQuality "1"]

1. d4 d5 2. Nf3 Nf6 3. e3 e6 4. c4 Be7 5. Nc3 0-0 6. Bd3 Nbd7 7. 0-0 c6 8. e4 dxe4 9. Nxe4 Nxe4 10. Bxe4 Nf6 11. Bc2 h6 12. b3 c5 13. Bb2 Qc7 14. Qe2 b6 15. Rad1 cxd4 16. Bxd4 Bb7 17. Be5 Qc6 18. h3 Rad8 0-1